Around The World - Statistics

General Stats
  • This quiz has been taken 39 times
    28 since last reset
  • The average score is 71 of 101
Answer Stats
Answer % Correct
France
100%
Portugal
100%
Spain
100%
Belgium
90%
Denmark
90%
Estonia
90%
Germany
90%
Germany
90%
Latvia
90%
Lithuania
90%
Netherlands
90%
Poland
90%
Russia
90%
Russia
90%
Finland
80%
Norway
80%
Russia
80%
Sweden
80%
Angola
70%
Angola
70%
Bangladesh
70%
Benin
70%
Cambodia
70%
Cameroon
70%
China
70%
Democratic Republic of the Congo
70%
Djibouti
70%
Egypt
70%
Equatorial Guinea
70%
Eritrea
70%
Gabon
70%
Ghana
70%
Guinea
70%
Guinea Bissau
70%
India
70%
Iran
70%
Iraq
70%
Israel
70%
Ivory Coast
70%
Jordan
70%
Kenya
70%
Kuwait
70%
Liberia
70%
Malaysia
70%
Mozambique
70%
Myanmar
70%
Namibia
70%
Nigeria
70%
North Korea
70%
North Korea
70%
Oman
70%
Pakistan
70%
Qatar
70%
Republic of the Congo
70%
Saudi Arabia
70%
Saudi Arabia
70%
Saudi Arabia
70%
Senegal
70%
Senegal
70%
Sierra Leone
70%
Somalia
70%
South Africa
70%
South Korea
70%
Sudan
70%
Tanzania
70%
Thailand
70%
Thailand
70%
The Gambia
70%
Togo
70%
United Arab Emirates
70%
Vietnam
70%
Yemen
70%
Albania
60%
Algeria
60%
Bosnia
60%
Bulgaria
60%
Croatia
60%
Croatia
60%
Egypt
60%
France
60%
France
60%
Georgia
60%
Greece
60%
Israel
60%
Italy
60%
Lebanon
60%
Libya
60%
Mauritania
60%
Monaco
60%
Montenegro
60%
Morocco
60%
Portugal
60%
Romania
60%
Russia
60%
Slovenia
60%
Spain
60%
Syria
60%
Tunisia
60%
Turkey
60%
Turkey
60%
Ukraine
60%
No matching quizzes found
Score Distribution
Percent of People with Each Score
Percentile by Number Answered
Your Score History
You have not taken this quiz since the last reset